• 首页
  • 本馆介绍
  • 公告通知
  • 最新文献
  • 馆藏检索
  • 电子资源
  • 读者导购
  • 参考咨询
  • 我的图书馆
  • 登录
  • 详细信息显示
  • 放入我的书架
  • 预约/预借图书
  • 作者相关作品
  • 分类相关作品
  • 丛书相关作品
  • 出版社相关作品

书目信息

  • 表格格式
  • 工作单格式
  • 卡片格式
题名:
月面钻取采样离散元仿真
    
 
作者: 候绪研 著
分册:  
出版信息: 哈尔滨   哈尔滨工业大学出版社  2020.06
页数: 245页
开本: 24cm
丛书名: 航天先进技术研究与应用系列
单 册:
中图分类: P184.8 , P184
科图分类:
主题词: 月壤--yue rang--采样--离散模型--研究
电子资源:
ISBN: 978-7-5603-7050-7
000 01396nam 2200301 450
001 2266478164
005 20221004182825.07
010    @a978-7-5603-7050-7@dCNY78.00
100    @a20200817d2020 em y0chiy50 ea
101 0  @achi
102    @aCN@b230000
105    @aa a 001yy
200 1  @a月面钻取采样离散元仿真@Ayue mian zuan qu cai yang li san yuan fang zhen@d= DEM simulation on lunar regolith drilling@f候绪研著@zeng
210    @a哈尔滨@c哈尔滨工业大学出版社@d2020.06
215    @a245页@c图@d24cm
225 2  @a航天先进技术研究与应用系列@Ahang tian xian jin ji shu yan jiu yu ying yong xi lie
300    @a国家出版基金项目 “十三五”国家重点出版物出版规划项目 国之重器出版工程 国防现代化建设
314    @a候绪研, 哈尔滨工业大学副教授, ASME会员, IEEE会员。
320    @a有书目和索引
330    @a本书密切结合我国探月三期工程目标, 针对月壤的特殊物理、力学性质, 建立月壤离散元仿真模型, 并分别对复合型钻头、螺旋钻杆、内翻式取芯机构等部件与月壤间的作用特性进行离散元仿真研究, 分析了在各部件作用下的月壤流动演化过程、负载特性及热力学特性等, 为钻取采样机构的设计提供了依据。
410  0 @12001 @a航天先进技术研究与应用系列
510 1  @aDEM simulation on lunar regolith drilling@zeng
606 0  @a月壤@Ayue rang@x采样@x离散模型@x研究
690    @aP184.8@v5
690    @aP184@v4
701  0 @a候绪研@Ahou xu yan@4著
801  0 @aCN@b人天书店@c20200817
905    @aZUCC@dP184@e4
    
    月面钻取采样离散元仿真= DEM simulation on lunar regolith drilling/候绪研著.-哈尔滨:哈尔滨工业大学出版社,2020.06
    245页:图;24cm.-(航天先进技术研究与应用系列)
    国家出版基金项目 “十三五”国家重点出版物出版规划项目 国之重器出版工程 国防现代化建设
    
    ISBN 978-7-5603-7050-7:CNY78.00
    本书密切结合我国探月三期工程目标, 针对月壤的特殊物理、力学性质, 建立月壤离散元仿真模型, 并分别对复合型钻头、螺旋钻杆、内翻式取芯机构等部件与月壤间的作用特性进行离散元仿真研究, 分析了在各部件作用下的月壤流动演化过程、负载特性及热力学特性等, 为钻取采样机构的设计提供了依据。
●
相关链接 在五车中查询图书 在当当中查询图书 在豆瓣中查询图书


正题名:月面钻取采样离散元仿真     索取号:P184/4         预约/预借

序号 登录号 条形码 馆藏地/架位号 状态 备注
1 2000911501   2000911501   第三书库/ [索取号:P184/4] 在馆    
2 2000911502   2000911502   第三书库/ [索取号:P184/4] 在馆    
3 2000911503   2000911503   第三书库/ [索取号:P184/4] 在馆    
山东省滨州职业学院图书馆 欢迎您!
大连网信软件有限公司© 版权所有